Vplyv vývoja inovačných indikátorov na inovačnú výkonnosť Slovenskej a Českej republiky

Umiestnenie SR a ČR v rebríčku krajín EÚ 27 zostaveného podľa sumárneho inovačného indexu (SII). Inovačné dimenzie a indikátory ovplyvňujúce inovačnú výkonnosť krajín. Faktory zlepšenia inovačnej výkonnosti.

Saved in:
Bibliographic Details
Main Author: Spišáková, Emília, 1983-
Other Authors: Horňák, František
Format: Book Chapter
Language:Slovak
Subjects:
Tags: Add Tag
No Tags, Be the first to tag this record!

MARC

LEADER 00000nla a2200000 4500
001 0162829
005 20240614080036.0
041 0 |a slo 
044 |a SK 
245 1 0 |a Vplyv vývoja inovačných indikátorov na inovačnú výkonnosť Slovenskej a Českej republiky  |c Emília Spišáková, František Horňák 
520 |a Umiestnenie SR a ČR v rebríčku krajín EÚ 27 zostaveného podľa sumárneho inovačného indexu (SII). Inovačné dimenzie a indikátory ovplyvňujúce inovačnú výkonnosť krajín. Faktory zlepšenia inovačnej výkonnosti. 
610 2 0 |a inovácia 
610 2 0 |a výkonnosť 
610 2 0 |a indexy súhrnné 
610 2 0 |a ukazovatele výkonnosti 
610 2 0 |a Slovensko 
610 2 0 |a Česko 
100 1 |a Spišáková, Emília, 1983- 
700 1 |a Horňák, František